000 02215cam a22005294i 4500
003 PE-LiUPU
005 20250731172924.0
008 150623s r 000 0 d
020 _a0816311277
035 _a(Sirsi) i9780816311279
040 _aPE-LiUPU
_bspa
_cPE-LiUPU
_erda
049 _aPRUA
082 0 4 _a286.732
_bP29
_221
100 1 _aPaulien, Jon,
_eautor.
245 1 0 _aPresent truth in the real world: The adventist struggle to keep and share faith in a secular society /
_cJon Paulien.
264 1 _aBoise, Idaho :
_bPacific press publishing association,
_c1993.
300 _a253 páginas ;
_c21 centímetros
336 _atext
_2rdacontent
337 _aunmediated
_2rdamedia
338 _avolume
_2rdacarrier
504 _aIncluye bibliografía.
505 0 _aThe challenge of a secular world. -Keeping faith in a secular world. -Sharing faith in a secular world.
526 _aSEG42
526 _aSEG41
526 _aSEG40
526 _aSEG39
526 _aP94
526 _aP87
526 _aP86
526 _aP85
526 _aP77
526 _aP76
526 _aP35
650 0 4 _aAdventistas del Séptimo Día
_xPertenencia.
650 0 4 _aEvangelismo
_xAdventistas del séptimo día.
650 0 4 _aTestimonio (Cristianismo)
_xAdventistas del séptimo día.
942 _2ddc
_cBOOK
949 _a286.732 P29
_wDEWEY
_c1
_i43857
_lCCODEBUL1
_mBUL
_r0
_sY
_tBOOK
_u2015-6-24
_xTEOLOGIA
_PP35
_0COMPRA
_o.STAFF. Colección General
949 _a286.732 P29
_wDEWEY
_c2
_i54226
_lCCODEBUL1
_mBUL
_r0
_sY
_tBOOK
_u2015-6-24
_xTEOLOGIA
_PP35
_0COMPRA
_o.STAFF. Colección General
994 _aC0
_bPEPRU
596 _a1
999 _a286.732 P29
_wDEWEY
_c20258
_i43857
_d20258
_f2021-11-11
_g6
_lCCODEBUL1
_mBUL
_q1
_r0
_sY
_tBOOK
_u2015-6-24
_xTEOLOGIA
_PP35
_0COMPRA
_o.STAFF. Colección General
999 _a286.732 P29
_wDEWEY
_c2
_i54226
_f2021-11-11
_g6
_lCCODEBUL1
_mBUL
_r0
_sY
_tBOOK
_u2015-6-24
_xTEOLOGIA
_PP35
_0COMPRA
_o.STAFF. Colección General
999 _a286.732 P29
_wDEWEY
_c3
_i76072
_d2019-2-6
_f2021-11-11
_g5
_lCCODEBUL1
_mBUL
_p10.00
_q2
_r0
_sY
_tBOOK
_u2017-6-7
_xTEOLOGIA
_PP85
_0DONACION
_o.STAFF. Colección Teología
980 _81
_gALBERTO SANCHEZ Responsable de Automatización